Normal view
MARC view
Entry Personal Name
001 - CONTROL NUMBER
- control field: 12502
003 - CONTROL NUMBER IDENTIFIER
- control field: dpl
005 - DATE AND TIME OF LATEST TRANSACTION
- control field: 20100813124505.0
008 - FIXED-LENGTH DATA ELEMENTS
- fixed length control field: 100813|||a|||||| | ||| d
040 ## - CATALOGING SOURCE
- Original cataloging agency: dpl
- Transcribing agency: dpl
100 ## - HEADING--PERSONAL NAME
- Personal name: क्षीरसागर, वसंत दत्तात्रय
670 ## - SOURCE DATA FOUND
- Source citation: Work cat.: (dpl): क्षीरसागर, वसंत दत्तात्रय, मोहन राकेश के नाटक /, 2010
670 ## - SOURCE DATA FOUND
- Source citation: Work cat.: (dpl): क्षीरसागर, वसंत दत्तात्रय, मोहन राकेश के नाटक /, 2010
